Vacations, Texas style /

Bibliographic Details
Main Authors: Berger, Michael E. (Author), Kamp, Dan (Author)
Format: Government Document Book
Language:English
Published: College Station, Texas : Texas Agricultural Extension Service, [1974]
Series:L (Texas Agricultural Extension Service) ; 1239.
Subjects:
Online Access:Available online via OAK Trust Repository

MARC

Tag First Indicator Second Indicator Subfields
LEADER 00000cam a2200000Ii 4500
001 in00004003003
005 20191219080848.0
008 180924s1974 txuab s000 0 eng d
035 |a (OCoLC)on1054106126 
035 |a (OCoLC)1054106126 
040 |a TXA  |b eng  |e rda  |c TXA  |d UtOrBLW 
043 |a n-us-tx 
049 |a TXAM 
086 |a Z TA245.7 L47 no. L-1239  |2 txdocs 
090 |a S544.3.T4  |b T273 no. L-1239 
100 1 |a Berger, Michael E.,  |e author. 
245 1 0 |a Vacations, Texas style /  |c Michael E. Berger and Dan Kamp. 
264 1 |a College Station, Texas :  |b Texas Agricultural Extension Service,  |c [1974] 
300 |a 1 leaflet :  |b illustrations. 
336 |a text  |b txt  |2 rdacontent 
337 |a unmediated  |b n  |2 rdamedia 
338 |a sheet  |b nb  |2 rdacarrier 
490 1 |a L / [Texas Agricultural Extension Service] ;  |v 1239 
500 |a "10M--5-74"--Colophon. 
500 |a Title from cover. 
500 |a The United States Department of Agriculture cooperating. 
651 0 |a Texas  |x Description and travel.  |0 http://id.loc.gov/authorities/subjects/sh85134258 
650 7 |a Travel.  |2 fast  |0 (OCoLC)fst01155558 
651 7 |a Texas.  |2 fast  |0 (OCoLC)fst01210336 
650 3 |a vacations. 
650 3 |a leisure, recreation and tourism. 
700 1 |a Kamp, Dan,  |e author. 
710 1 |a United States.  |b Department of Agriculture,  |e issuing body.  |0 http://id.loc.gov/authorities/names/n79008243 
710 2 |a Texas Agricultural Extension Service,  |e issuing body.  |0 http://id.loc.gov/authorities/names/n80010192 
830 0 |a L (Texas Agricultural Extension Service) ;  |v 1239.  |0 http://id.loc.gov/authorities/names/no2017125359 
856 4 1 |z Available online via OAK Trust Repository  |u https://oaktrust.library.tamu.edu/handle/1969.1/165604  |t 0 
994 |a C0  |b TXA 
999 f f |s 20a9b171-647d-370d-9c28-a08bf0275b6d  |i 3adf2d17-0ebe-316d-a561-711c322166d0  |t 0 
952 f f |a Texas A&M University  |b College Station  |c Electronic Resources  |d Available Online  |t 0  |e Z TA245.7 L47 no. L-1239  |g Electronic  |h Superintendent of Documents classification 
998 f f |a Z TA245.7 L47 no. L-1239  |t 0  |l Available Online